000 00464nam a22001577a 4500
008 161011b xxu||||| |||| 00| 0 eng d
020 _a1496163036
040 _aKABU
_cKABU
050 _aMT46
_b.S73 2014 C.1
100 _aStannard, Neil
245 _aPiano technique demstified
_binsights into problem solving
_cby Neil Stannard
250 _a2nd ed. revised and expanded
260 _c2014
300 _aix,136 p.
942 _2lcc
_cBK
_e2nd ed.rev. and expanded
999 _c16184
_d16184